00486nam a2200193 a 4500001001300000003000900013005001700022008004100039020001000080082001300090100002200103245002300125260003400148300000900182500003500191505001700226650002700243700002200270nice12345678IN_TiNIC20260116012823.0050524s1956 lona grp 000 0 eng  ac10000a248bUND aUnderhill, Evelyn aCloud of Unknowing aLondonbJohn M. Watkinsc1956 a270p aincludes index and biblioraphy2 aIndex, Hymns aMysticism-Christianity1 aUnderhill, Evelyn